000 00550cam a22002291 4500
001 sa 68005306
003 DLC
005 20260227112507.0
008 941010q19611962np c 000 0 nepo
010 _asa 68005306
025 _aPL480:N-299
035 _a(OCoLC)31253079
040 _aDLC
_cCU
_dCU
_dDLC
042 _apremarc
050 0 0 _aPK2598.Y3
_bA9
100 1 _aYami, Dharmaratna,
_d1915-
245 1 0 _aArhat Nanda.
260 _c[1961 or 2]
300 _a148 p.
_bports.
_c18 cm.
500 _aIn Nepali.
600 0 0 _aNanda
_vPoetry.
999 _c80643
_d80643